Statistics for Famous Engineers

Click here to take the quiz!

General Stats

  • This quiz has been taken 14 times
  • The average score is 10 of 24

Answer Stats

HintAnswer% Correct
MechanicalMade significant improvements to the steam engine, the unit of power is named in his honour.James Watt
100%
AeronauticalCreated the worlds first aeroplaneOrville Wright
100%
AeronauticalCreated the worlds first aeroplaneWilbur Wright
100%
MechanicalAncient Greek who created a screw to lift water between two levels.Archimedes
85%
CivilFrench Engineer who's tower is world famous.Gustav Eiffel
77%
ElectricalProponent of DC power transmission; inventor of the lightbulb.Thomas Edison
77%
MechanicalGerman engineer who created the worlds first practical automobile.Carl Benz
69%
ElectricalProponent of AC power transmission; Unit of magnetic flux density is named after him.Nikola Tesla
69%
MechanicalGerman inventor of the _______ engine, which uses higher compression ratios and no ignitor.Rudolf Diesel
69%
ElectricalInventor of the electric battery, the unit of electrical potential named after him.Alessandro Volta
54%
ElectricalDeveloped the 'Analytical Engine' the first mechanical general purpose computer.Charles Babbage
38%
CivilFather of the railways due to his creation of the world's first steam locomotive.George Stephenson
31%
CivilBuilt the first 'modern' boat made of metal; first tunnel under a navigable river.Isambard Kingdom Brunel
31%
AeronauticalAmerican rocket pioneer - created the worlds first liquid powered rocketRobert Goddard
23%
Mechanical'The father of thermodynamics' for his theory of maximum efficiency of heat engines - of which a thermodynamic cycle is named after him.Sadi Carnot
23%
ElectricalDeveloped the 'Analytical Engine' the first mechanical general purpose computer.Ada Lovelace
15%
AeronauticalInventor of the Jet EngineFrank Whittle
15%
ElectricalDeveloped frequency-hopping spread spectrum, which became the basis for Bluetooth, GPS, and Wi-FiHedy Lamarr
15%
MechanicalDeveloped the internal combustion engine, a thermodynamic cycle is named after him due to this.Nicolaus Otto
15%
AeronauticalDeveloped a nozzle to allow fluids to reach supersonic speedsGustaf de Laval
0%
ElectricalPioneer and inventor of the integrated circuitJack Kilby
0%
MechanicalFrench inventor of the first all metal latheJacques de Vaucanson
0%
MechanicalSubstantially improved the precision of equipment at the time, also developed the first standard for screw pitch.Joseph Whitworth
0%
CivilKnow as the 'father of iron bridge-building in America' for providing the first scientific methodology for bridge building.Squire Whipple
0%

Score Distribution

Percentile by Number Answered

Percent of People with Each Score

Your Score History

You have not taken this quiz